00452nam a2200145Ia 4500008004100000100001900041245007500060245001900135260003900154260000900193300001200202650001800214650001500232856005900247170221s9999 xx 000 0 und d aFerruh Yılmaz aIdeology at Work in (the Production of) the News on Ethnic Minorities  cFerruh Yılmaz bStudies in Media and Communication c2014 a34 : 19 xCommunication xMedia Arts uhttp://redfame.com/journal/index.php/smc/issue/view/13